| 000 | 00513nam a2200181Ia 4500 | ||
|---|---|---|---|
| 008 | 090123s9999 xx 000 0 und d | ||
| 082 |
_b6578 _a923.254/माने |
||
| 100 | _aमाने लक्ष्मण | ||
| 245 | _aउपरा | ||
| 250 | _a1 | ||
| 260 | _bग्रंथाली प्रकाशन | ||
| 300 | _a166 | ||
| 600 | _aमाने लक्ष्मण | ||
| 630 | _aउपरा | ||
| 700 | _aमाने लक्ष्मण | ||
| 730 | _aउपरा | ||
| 942 | _cBOOK | ||
| 999 |
_c44643 _d44643 |
||